| 000 | 01188cam a2200373 i 4500 | ||
|---|---|---|---|
| 001 | 200463289 | ||
| 003 | TR-AnTOB | ||
| 005 | 20250114105623.0 | ||
| 007 | ta | ||
| 008 | 180313s2024 tu 001 0 tur d | ||
| 020 | _a9786051685328 | ||
| 040 |
_aTR-AnTOB _beng _erda _cTR-AnTOB |
||
| 041 | 0 | _atur | |
| 050 | 1 | 4 | _aKKX938 |
| 090 |
_aKKX938 _b.U93i 2024 |
||
| 100 | 1 |
_aUyar, Talih, _d1945- _eauthor _9118813 |
|
| 245 | 1 | 0 |
_aİcra hukukunda kambiyo senetleri (İİK. 167-170b) / _cAvukat Talih Uyar, Avukat Alper Uyar, Avukat Cüneyt Uyar. |
| 246 | _aKambiyo senetleri. | ||
| 250 | _a7. tıpkı bası. | ||
| 264 | 1 |
_aAnkara : _bBilgi Yayınevi, _c2024. |
|
| 300 |
_axvi, 1074 pages ; _c23 cm |
||
| 336 |
_2rdacontent _atext _btxt |
||
| 337 |
_2rdamedia _aunmediated _bn |
||
| 338 |
_2rdacarrier _avolume _bnc |
||
| 500 | _a(Yeni TTK., TBK. ve HMK.'na göre genişletilmiş) | ||
| 504 | _aBIB | ||
| 590 | _aDonated by Kudret Aslan | ||
| 650 | 0 |
_aİcra-iflas hukuku _zTürkiye _9115811 |
|
| 650 | 7 |
_958178 _aKambiyo senetleri _2etuturkob |
|
| 700 | 1 |
_aUyar, Alper _eauthor _9118815 |
|
| 700 | 1 |
_aUyar, Cüneyt _eauthor _9118816 |
|
| 942 |
_2lcc _cBK |
||
| 999 |
_c200463289 _d81501 |
||